<?xml version="1.0" encoding="UTF-8"?>
<record
    xmlns:xsi="http://www.w3.org/2001/XMLSchema-instance"
    xsi:schemaLocation="http://www.loc.gov/MARC21/slim http://www.loc.gov/standards/marcxml/schema/MARC21slim.xsd"
    xmlns="http://www.loc.gov/MARC21/slim">

  <leader>00666nam a22001337a 4500</leader>
  <datafield tag="040" ind1=" " ind2=" ">
    <subfield code="c">RUA</subfield>
  </datafield>
  <datafield tag="082" ind1=" " ind2=" ">
    <subfield code="a">GRS MEA 2015 B641 Or.1</subfield>
  </datafield>
  <datafield tag="100" ind1=" " ind2=" ">
    <subfield code="a">MEACH CHHUNLY &#x1798;&#x17C0;&#x1785; &#x1788;&#x17BB;&#x1793;&#x179B;&#x17B8;</subfield>
  </datafield>
  <datafield tag="245" ind1=" " ind2=" ">
    <subfield code="a">experiment on khmer thai and vietnam cucumber varieties at kirivorn commune phnom sruoch district kampong spue province &#x1780;&#x17B6;&#x179A;&#x1796;&#x17B7;&#x179F;&#x17C4;&#x1792;&#x1793;&#x17CD;&#x1796;&#x17BC;&#x1787;&#x178F;&#x17D2;&#x179A;&#x179F;&#x1780;&#x1781;&#x17D2;&#x1798;&#x17C2; &#x1790;&#x17C3; &#x1793;&#x17B7;&#x1784;&#x200B;&#x179C;&#x17C0;&#x178F;&#x178E;&#x17B6;&#x1798; &#x1793;&#x17C5;&#x1783;&#x17BB;&#x17C6;&#x1782;&#x17B8;&#x179A;&#x17B8;&#x179C;&#x17D0;&#x1793;&#x17D2;&#x178F; &#x179F;&#x17D2;&#x179A;&#x17BB;&#x1780;&#x1797;&#x17D2;&#x1793;&#x17C6;&#x179F;&#x17D2;&#x179A;&#x17BD;&#x1785; &#x1781;&#x17C1;&#x178F;&#x17D2;&#x178F;&#x1780;&#x17C6;&#x1796;&#x1784;&#x17CB;&#x179F;&#x17D2;&#x1796;&#x17BA; </subfield>
  </datafield>
  <datafield tag="260" ind1=" " ind2=" ">
    <subfield code="a">RUA</subfield>
    <subfield code="b">Phnom penh </subfield>
    <subfield code="c">2015</subfield>
  </datafield>
  <datafield tag="300" ind1=" " ind2=" ">
    <subfield code="a">vi;20p</subfield>
    <subfield code="b">ill;</subfield>
    <subfield code="c">29cm</subfield>
  </datafield>
  <datafield tag="856" ind1=" " ind2=" ">
    <subfield code="u">MEACH  CHHUNLY</subfield>
  </datafield>
  <datafield tag="942" ind1=" " ind2=" ">
    <subfield code="c">GRS</subfield>
  </datafield>
  <datafield tag="999" ind1=" " ind2=" ">
    <subfield code="c">18078</subfield>
    <subfield code="d">18078</subfield>
  </datafield>
  <datafield tag="952" ind1=" " ind2=" ">
    <subfield code="0">0</subfield>
    <subfield code="1">0</subfield>
    <subfield code="2">ddc</subfield>
    <subfield code="4">0</subfield>
    <subfield code="6">GRS_MEA_2015_000000000000000_B641_OR_1</subfield>
    <subfield code="7">0</subfield>
    <subfield code="9">80449</subfield>
    <subfield code="a">LBB</subfield>
    <subfield code="b">LBB</subfield>
    <subfield code="c">B641</subfield>
    <subfield code="d">2019-07-26</subfield>
    <subfield code="o">GRS MEA 2015 B641 Or.1</subfield>
    <subfield code="p">A08940</subfield>
    <subfield code="r">2019-07-26</subfield>
    <subfield code="w">2019-07-26</subfield>
    <subfield code="y">GRS</subfield>
  </datafield>
  <datafield tag="952" ind1=" " ind2=" ">
    <subfield code="0">0</subfield>
    <subfield code="1">0</subfield>
    <subfield code="2">ddc</subfield>
    <subfield code="4">0</subfield>
    <subfield code="6">GRS_MEA_2015_000000000000000_B641_OR_2</subfield>
    <subfield code="7">0</subfield>
    <subfield code="9">80450</subfield>
    <subfield code="a">LBB</subfield>
    <subfield code="b">LBB</subfield>
    <subfield code="c">B641</subfield>
    <subfield code="d">2019-07-26</subfield>
    <subfield code="o">GRS MEA 2015 B641 Or.2</subfield>
    <subfield code="p">A08545</subfield>
    <subfield code="r">2019-07-26</subfield>
    <subfield code="w">2019-07-26</subfield>
    <subfield code="y">GRS</subfield>
  </datafield>
  <datafield tag="952" ind1=" " ind2=" ">
    <subfield code="0">0</subfield>
    <subfield code="1">0</subfield>
    <subfield code="2">ddc</subfield>
    <subfield code="4">0</subfield>
    <subfield code="6">GRS_MEA_2015_000000000000000_B641_OR_3</subfield>
    <subfield code="7">0</subfield>
    <subfield code="9">80451</subfield>
    <subfield code="a">LBB</subfield>
    <subfield code="b">LBB</subfield>
    <subfield code="c">B641</subfield>
    <subfield code="d">2019-07-26</subfield>
    <subfield code="l">1</subfield>
    <subfield code="o">GRS MEA 2015 B641 Or.3</subfield>
    <subfield code="p">A08084</subfield>
    <subfield code="r">2024-08-12</subfield>
    <subfield code="s">2024-07-25</subfield>
    <subfield code="w">2019-07-26</subfield>
    <subfield code="y">GRS</subfield>
  </datafield>
  <datafield tag="952" ind1=" " ind2=" ">
    <subfield code="0">0</subfield>
    <subfield code="1">0</subfield>
    <subfield code="2">ddc</subfield>
    <subfield code="4">0</subfield>
    <subfield code="6">GRS_MEA_2015_000000000000000_B641_OR_4</subfield>
    <subfield code="7">0</subfield>
    <subfield code="9">80452</subfield>
    <subfield code="a">LBB</subfield>
    <subfield code="b">LBB</subfield>
    <subfield code="c">B641</subfield>
    <subfield code="d">2019-07-26</subfield>
    <subfield code="o">GRS MEA 2015 B641 Or.4</subfield>
    <subfield code="p">A07996</subfield>
    <subfield code="r">2019-07-26</subfield>
    <subfield code="w">2019-07-26</subfield>
    <subfield code="y">GRS</subfield>
  </datafield>
  <datafield tag="952" ind1=" " ind2=" ">
    <subfield code="0">0</subfield>
    <subfield code="1">0</subfield>
    <subfield code="2">ddc</subfield>
    <subfield code="4">0</subfield>
    <subfield code="6">GRS_MEA_2015_000000000000000_B641_OR_5</subfield>
    <subfield code="7">0</subfield>
    <subfield code="9">80453</subfield>
    <subfield code="a">LBB</subfield>
    <subfield code="b">LBB</subfield>
    <subfield code="c">B641</subfield>
    <subfield code="d">2019-07-26</subfield>
    <subfield code="o">GRS MEA 2015 B641 Or.5</subfield>
    <subfield code="p">A07868</subfield>
    <subfield code="r">2019-07-26</subfield>
    <subfield code="w">2019-07-26</subfield>
    <subfield code="y">GRS</subfield>
  </datafield>
  <datafield tag="952" ind1=" " ind2=" ">
    <subfield code="0">0</subfield>
    <subfield code="1">0</subfield>
    <subfield code="2">ddc</subfield>
    <subfield code="4">0</subfield>
    <subfield code="6">GRS_MEA_2015_000000000000000_B641_OR_6</subfield>
    <subfield code="7">0</subfield>
    <subfield code="9">80454</subfield>
    <subfield code="a">LBB</subfield>
    <subfield code="b">LBB</subfield>
    <subfield code="c">B641</subfield>
    <subfield code="d">2019-07-26</subfield>
    <subfield code="o">GRS MEA 2015 B641 Or.6</subfield>
    <subfield code="p">A08761</subfield>
    <subfield code="r">2019-07-26</subfield>
    <subfield code="w">2019-07-26</subfield>
    <subfield code="y">GRS</subfield>
  </datafield>
  <datafield tag="952" ind1=" " ind2=" ">
    <subfield code="0">0</subfield>
    <subfield code="1">0</subfield>
    <subfield code="2">ddc</subfield>
    <subfield code="4">0</subfield>
    <subfield code="6">GRS_MEA_2015_000000000000000_B641_OR_7</subfield>
    <subfield code="7">0</subfield>
    <subfield code="9">80455</subfield>
    <subfield code="a">LBB</subfield>
    <subfield code="b">LBB</subfield>
    <subfield code="c">B641</subfield>
    <subfield code="d">2019-07-26</subfield>
    <subfield code="o">GRS MEA 2015 B641 Or.7</subfield>
    <subfield code="p">A08272</subfield>
    <subfield code="r">2019-07-26</subfield>
    <subfield code="w">2019-07-26</subfield>
    <subfield code="y">GRS</subfield>
  </datafield>
</record>
